Tuttlingen - Statistiken

Allgemein
  • Dieses Quiz wurde 26 mal gespielt
    23 seit der letzten Aktualisierung
  • Das Durchschnittsergebnis liegt bei 8 aus 15
Antwortstatistiken
Frage Antwort % Korrekt
KFZ-Kennzeichen TUT
93%
Durchfließender Fluss Donau, Elta, Seltenbach
86%
Ein Gymnasium (Kürzel) IKG, OHG
86%
Ein Angrenzender Landkreis Konstanz, Rottweil,Schwarzwald-Baar,
Sigmaringen
86%
Größtes Unternehmen Aesculap
79%
Burgruine über der Stadt Honburg
79%
Eine angrenzende Gemeinde Mühlheim, Fridingen, Neuhausen ob Eck, Emmingen-Liptingen, Immendingen, Talheim, Seitingen-Oberflacht, Wurmlingen
79%
Postleitzahl 78532
64%
Ein Stadtteil Esslingen, Möhringen,Nendingen
57%
Regierungsbezirk Freiburg
50%
Oberbürgermeister Michael Beck
50%
Stadtbrand 1803
7%
Spitzname Weltzentrumder Medizintechnik
7%
Erstmalig erwähnt 797
0%
Name der Stadtkirche St. Peter und Paul
0%
Keine übereinstimmenden Quizze gefunden
Verteilung der Resultate
Anzahl Personen mit jedem Resultat
Perzentil nach korrekt beantworteten Fragen
Ihre Resultats-Entwicklung
Sie haben dieses Quiz seit der letzten Aktualisierung nicht gespielt